|
|
|
|
| LEADER |
00000nas a22000007a 4500 |
| 001 |
ssj0012715 |
| 003 |
WaSeSS |
| 005 |
20200512172242.0 |
| 006 |
m d |
| 007 |
cr n |
| 008 |
850306d19841999caumr p s 0 a0eng d |
| 010 |
|
|
|a sn 85000814
|
| 022 |
|
|
|l 8756-7431
|y 8756-7431
|
| 035 |
|
|
|a (WaSeSS)ssj0012715
|
| 037 |
|
|
|b TeleSpan Pub. Corp., 50 W. Palm St., Altadena, Calif. 91001
|
| 040 |
|
|
|a NSD
|b eng
|c NSD
|d NYG
|d NSD
|d OCLCQ
|d OCLCO
|d CDT
|d OCLCO
|d OCLCF
|d OCLCO
|d OCLCQ
|d WaSeSS
|
| 042 |
|
|
|a nsdp
|
| 082 |
1 |
0 |
|a 384
|2 11
|
| 210 |
0 |
|
|a Telecommut. rev.
|
| 222 |
|
0 |
|a Telecommuting review
|
| 245 |
0 |
0 |
|a Telecommuting review
|h [electronic resource] :
|b the Gordon report.
|
| 246 |
3 |
0 |
|a Gordon report
|
| 260 |
|
|
|a [Altadena, Calif.] :
|b [Gil Gordon Associates]:
|b [Produced and circulated by TeleSpan Pub. Corp.],
|c ©1984-
|
| 310 |
|
|
|a Monthly
|
| 362 |
0 |
|
|a Vol. 1, no. 1-
|
| 362 |
1 |
|
|a Ceased with: vol. 16, no. 5 (May 1999).
|
| 500 |
|
|
|a Title from caption.
|
| 506 |
|
|
|a License restrictions may limit access.
|
| 650 |
|
0 |
|a Telecommunication systems
|v Periodicals.
|
| 650 |
|
7 |
|a Telecommunication systems.
|2 fast
|0 (OCoLC)fst01146038
|
| 655 |
|
0 |
|a Electronic journals.
|
| 710 |
2 |
|
|a Gil Gordon Associates.
|
| 850 |
|
|
|a N
|
| 856 |
4 |
0 |
|z Full text available from Research Library: 12/01/1996 to 05/31/1999
|u https://search.proquest.com/publication/33498
|